书目信息 |
| 题名: |
人类的起源和发展
|
|
| 作者: | 吴汝康 著 | |
| 分册: | ||
| 出版信息: | 北京 科学出版社 1980 |
|
| 页数: | 122页 | |
| 开本: | 19cm | |
| 丛书名: | ||
| 单 册: | ||
| 中图分类: | Q981.1 | |
| 科图分类: | ||
| 主题词: | 人类--起源 | |
| 电子资源: | ||
| ISBN: | ||
| 000 | 00581nam0 2200229 45 | |
| 001 | 0176000658 | |
| 005 | 20060926091025.15 | |
| 010 | @dCNY0.35 | |
| 100 | @a19951030d1980 em y0chiy0121 ea | |
| 101 | 0 | @achi |
| 102 | @aCN@b110000 | |
| 105 | @ay z 000yy | |
| 200 | 10 | @a人类的起源和发展@Aren lei de qi yuan he fa zhan@f吴汝康著 |
| 205 | @a2版 | |
| 210 | @a北京@c科学出版社@d1980 | |
| 215 | @a122页@d19cm | |
| 606 | @a人类@x起源 | |
| 690 | @aQ981.1@v3 | |
| 701 | 0 | @a吴汝康@Awu ru kang@4著 |
| 801 | 2 | @aCN@bNLC@c20060926 |
| 801 | 0 | @aCN@bTSSF |
| 905 | @a10447@dQ981.1@e21=2 | |
| 人类的起源和发展/吴汝康著.-2版.-北京:科学出版社,1980 |
| 122页;19cm |
| ISBN :CNY0.35 |
| ● |
| 相关链接 |
|
|
|
|
正题名:人类的起源和发展
索取号:Q981.1/21=2
 
预约/预借
| 序号 | 登录号 | 条形码 | 馆藏地/架位号 | 状态 | 备注 |
| 1 | 0422664 | 204226649 | 密集书库/ [索取号:Q981.1/21=2] | 在馆 |